College Quizbowl Stats
College Quizbowl Stats
Circuits
Seasons
Sets
Records
Detailed Stats
About
Loading...
Lower Mid-Atlantic
Tossups
Bonuses
Players
Teams
Categories (Tossup)
Categories (Bonus)
Parker Travis
Tennessee A
Categories
Category
Powers
Gets
Negs
BBs
Points
Earliest Buzz
Avg. Buzz
First Buzzes
Top 3 Buzzes
BPA
PVF
Fine Arts - Other
0
1
0
0
10
127
127.00
0
0
0.00
0.00
History - European
0
1
0
0
10
110
110.00
0
0
0.00
0.00
Religion
0
1
0
0
10
119
119.00
0
0
0.00
0.00
Science - Other
0
0
0
0
0
0.00
0
0
0.00
0.00
Buzzes
Category
Answer
Value
Buzz Position
History - European
Alexander
10
110
Science - Other
integer factorization
0
111
Religion
Ibrahim
10
119
Fine Arts - Other
Casablanca
10
127
Previous
1
Next